<?xml version="1.0" encoding="UTF-8"?>
<record
    xmlns:xsi="http://www.w3.org/2001/XMLSchema-instance"
    xsi:schemaLocation="http://www.loc.gov/MARC21/slim http://www.loc.gov/standards/marcxml/schema/MARC21slim.xsd"
    xmlns="http://www.loc.gov/MARC21/slim">

  <leader>01051nam a22002417a 4500</leader>
  <datafield tag="999" ind1=" " ind2=" ">
    <subfield code="c">63437</subfield>
    <subfield code="d">63437</subfield>
  </datafield>
  <controlfield tag="005">20240530110641.0</controlfield>
  <controlfield tag="008">171015s2016    ua     f b    00| 0 ara d</controlfield>
  <datafield tag="017" ind1=" " ind2=" ">
    <subfield code="a">2015/8998</subfield>
    <subfield code="b">&#x645;&#x635;&#x631;. &#x62F;&#x627;&#x631; &#x627;&#x644;&#x643;&#x62A;&#x628;</subfield>
  </datafield>
  <datafield tag="020" ind1=" " ind2=" ">
    <subfield code="a">9789777352611</subfield>
  </datafield>
  <datafield tag="040" ind1=" " ind2=" ">
    <subfield code="a">EG-CaGPL</subfield>
    <subfield code="c">EG-CaGPL</subfield>
  </datafield>
  <datafield tag="082" ind1="0" ind2="4">
    <subfield code="2">21</subfield>
    <subfield code="a">810.978 /</subfield>
    <subfield code="b">&#x642;/ &#x633; &#x623;</subfield>
  </datafield>
  <datafield tag="100" ind1="0" ind2=" ">
    <subfield code="a">&#x633;&#x644;&#x64A;&#x645;&#x627;&#x646; &#x645;&#x62D;&#x645;&#x62F; &#x633;&#x644;&#x64A;&#x645;&#x627;&#x646;</subfield>
  </datafield>
  <datafield tag="245" ind1="1" ind2="0">
    <subfield code="a">&#x627;&#x62F;&#x628; &#x645;&#x635;&#x631; &#x627;&#x644;&#x627;&#x633;&#x644;&#x627;&#x645;&#x64A;&#x629; :</subfield>
    <subfield code="b">&#x645;&#x646;&#x630; &#x641;&#x62A;&#x62D; &#x627;&#x644;&#x627;&#x633;&#x644;&#x627;&#x645;&#x649; &#x648;&#x62D;&#x62A;&#x649; &#x627;&#x644;&#x639;&#x635;&#x631; &#x627;&#x644;&#x62D;&#x62F;&#x64A;&#x62B; : &#x646;&#x645;&#x627;&#x630;&#x62C; &#x648;&#x62F;&#x631;&#x627;&#x633;&#x627;&#x62A; /</subfield>
    <subfield code="c">&#x633;&#x644;&#x64A;&#x645;&#x627;&#x646; &#x645;&#x62D;&#x645;&#x62F; &#x633;&#x644;&#x64A;&#x645;&#x627;&#x646;</subfield>
  </datafield>
  <datafield tag="250" ind1=" " ind2=" ">
    <subfield code="a">&#x637;.1</subfield>
  </datafield>
  <datafield tag="260" ind1=" " ind2=" ">
    <subfield code="a">&#x627;&#x644;&#x627;&#x633;&#x643;&#x646;&#x62F;&#x631;&#x64A;&#x629; :</subfield>
    <subfield code="b">&#x62F;&#x627;&#x631; &#x627;&#x644;&#x648;&#x641;&#x627;&#x621; &#x644;&#x62F;&#x646;&#x64A;&#x627; &#x627;&#x644;&#x637;&#x628;&#x627;&#x639;&#x629; &#x648; &#x627;&#x644;&#x646;&#x634;&#x631; &#x60C;</subfield>
    <subfield code="c">2016.</subfield>
  </datafield>
  <datafield tag="300" ind1=" " ind2=" ">
    <subfield code="a">279 &#x635;. &#x61B;</subfield>
    <subfield code="c">24 &#x633;&#x645;.</subfield>
  </datafield>
  <datafield tag="504" ind1=" " ind2=" ">
    <subfield code="a">&#x64A;&#x634;&#x62A;&#x645;&#x644; &#x639;&#x644;&#x649; &#x627;&#x631;&#x62C;&#x627;&#x639;&#x627;&#x62A; &#x628;&#x628;&#x644;&#x64A;&#x648;&#x62C;&#x631;&#x627;&#x641;&#x64A;&#x629;</subfield>
  </datafield>
  <datafield tag="650" ind1="0" ind2="7">
    <subfield code="2">qrmak</subfield>
    <subfield code="a">&#x627;&#x644;&#x627;&#x62F;&#x628; &#x627;&#x644;&#x639;&#x631;&#x628;&#x649;</subfield>
    <subfield code="z">&#x645;&#x635;&#x631;</subfield>
    <subfield code="x">&#x62A;&#x627;&#x631;&#x64A;&#x62E; &#x648;&#x646;&#x642;&#x62F;</subfield>
  </datafield>
  <datafield tag="650" ind1="0" ind2="7">
    <subfield code="2">qrmak</subfield>
    <subfield code="a">&#x627;&#x644;&#x627;&#x62F;&#x628; &#x627;&#x644;&#x639;&#x631;&#x628;&#x649;</subfield>
    <subfield code="z">&#x645;&#x635;&#x631;</subfield>
    <subfield code="x">&#x62A;&#x627;&#x631;&#x64A;&#x62E; &#x648;&#x646;&#x642;&#x62F;</subfield>
    <subfield code="y">&#x639;&#x635;&#x631; &#x635;&#x62F;&#x631; &#x627;&#x644;&#x627;&#x633;&#x644;&#x627;&#x645;</subfield>
  </datafield>
  <datafield tag="651" ind1=" " ind2=" ">
    <subfield code="2">qrmak</subfield>
  </datafield>
  <datafield tag="942" ind1=" " ind2=" ">
    <subfield code="2">ddc</subfield>
    <subfield code="c">BK</subfield>
  </datafield>
  <datafield tag="952" ind1=" " ind2=" ">
    <subfield code="0">0</subfield>
    <subfield code="1">0</subfield>
    <subfield code="4">0</subfield>
    <subfield code="7">0</subfield>
    <subfield code="a">CAI</subfield>
    <subfield code="b">CAI</subfield>
    <subfield code="c">CAIRO-LIBRARY</subfield>
    <subfield code="d">2017-10-15</subfield>
    <subfield code="l">0</subfield>
    <subfield code="o">810.978 / &#x642;/ &#x633; &#x623;</subfield>
    <subfield code="p">163456</subfield>
    <subfield code="r">2017-10-15 00:00:00</subfield>
    <subfield code="w">2017-10-15</subfield>
    <subfield code="y">BK</subfield>
  </datafield>
</record>
